Missing Word: George Strait (A-Z) Quiz Stats

Quiz Updated Dec 27, 2017

Challenge
Share
Tweet
Embed
Score 0/23 Timer 03:00
5 Plays Today
Song Answer % Correct
I Cross My _____Heart
90.4%
All My Ex's Live In _____Texas
88.5%
Write This _____Down
87%
4 Minus 3 Equals _____Zero
79.1%
_____ Be ThereYou'll
77.3%
_____ Of The MountainKing
73.3%
Blue Clear _____Sky
73.3%
Ocean Front _____Property
69.6%
Love Without _____, AmenEnd
67.4%
Go _____On
65.1%
Does _____ Worth Ever Cross Your MindFort
64.8%
She'll _____ You With A SmileLeave
64.7%
Song Answer % Correct
She _____ To Say That To MeUsed
60.1%
The Cowboy _____ AwayRides
58.5%
One _____ At A TimeNight
56.3%
_____ By MorningAmarillo
51.4%
Baby's Gotten Good At _____Goodbye
44.5%
Baby _____Blue
41.8%
Today My _____ Slipped AwayWorld
39.7%
I Can Still Make _____Cheyenne
30.7%
Fool Hearted _____Memory
27.5%
Come On _____Joe
10.4%
Home _____Improvement
5.8%

Today's Daily Dose

Missing Word
Law Misconceptions

Word Ladder
Easy Math

On This Day
January 20th

You're not logged in!

Compare scores with friends on all Sporcle quizzes.
Sign Up with Email
OR
Log In

You Might Also Like...

Show Comments

Extras

Top Quizzes Today


Score Distribution

Your Account Isn't Verified!

In order to create a playlist on Sporcle, you need to verify the email address you used during registration. Go to your Sporcle Settings to finish the process.